Bilecik Bilecik Bilecik Bilecik Bilecik

Türk Kurtuluş Savaşı : (Record no. 6804)

MARC details
000 -BAŞLIK
Sabit Uzunluktaki Kontrol Alanı 01109nam a22003377a 4500
001 - KONTROL NUMARASI
Control Dosyası 0006823
003 - KONTROL NUMARASI KİMLİĞİ
Kontrol Alanı KOHA_MİRAKIL
005 - EN SON İŞLEM TARİHİ ve ZAMANI
Kontrol Alanı 20260207001535.0
007 - FİZİKSEL TANIM SABİT ALAN - GENEL BİLGİ
Sabit uzunluklu kontrol alanı ta
008 - SABİT UZUNLUKTAKİ VERİ ÖGELERİ - GENEL BİLGİ
Sabit Alan 090812b1973 tu |||gr||||#0|||0|tur |
020 ## - ISBN - ULUSLARARASI STANDART KİTAP NUMARASI
Kullanılabilirlik koşulları 0,01
040 ## - KATALOGLAMA KAYNAĞI
Özgün Kataloglama Kurumu TR-BiSEU
Kataloglama Dili tur
Çeviri Kurumu TR-BiSEU
Açıklama Kuralları rda
041 0# - DİL KODU
Metin ya da ses kaydının dil kodu tur
044 ## - YAYINLAYAN/ÜRETEN KURULUŞUN ÜLKE KODU
ISO country code tu
050 ## - SINIFLAMA ve YER NUMARASI
Sınıflama Numarası DR589
Yer Numarası .B45 1973
100 1# - KİŞİ ADI
Yazar Adı (Kişi adı) Belen, Fahri.
245 1# - ESER ADI BİLDİRİMİ
Başlık Türk Kurtuluş Savaşı :
Alt Eseradı vb. askeri, siyasi ve sosyal yönleriyle/
Sorumluluk Bildirimi Fahri Belen ; Fahri Belen.
264 #1 - ÜRERİM, YAYIN, DAĞITIM ve TELİF BİLDİRİMİ
Yayın yeri Ankara :
Yayınlayan Başbakanlık Kültür Müsteşarlığı
Yayın tarihi 1973
300 ## - FİZİKSEL TANIMLAMA
Sayfa, Cilt vb. XI, 559 sayfa: resimli
336 ## - İÇERİK TÜRÜ
Content type term metin
Content type code txt
Source rdacontent
337 ## - MEDYA TÜRÜ
Media type term aracısız
Media type code n
Source rdamedia
338 ## - TAŞIYICI TÜRÜ
Carrier type term cilt
Carrier type code nc
Source rdacarrier
490 1# - DİZİ BİLDİRİMİ
Dizi Bildirimi Başbakanlık Kültür Müsteşarlığı Cumhuriyetin 50.
490 1# - DİZİ BİLDİRİMİ
Dizi Bildirimi Yıldönümü yayınları ;
Cilt Numarası 13.
500 ## - GENEL NOT
Genel Not Kaynakça var.
650 #0 - KONU BAŞLIĞI EK GİRİŞ - KONU TERİMİ
Konusal terim veya coğrafi ad Turkey--History Revolution, 1918-1923.
9 (RLIN) 13054
830 1# - SERİ EK GİRİŞİ - TEKBİÇİM ESER ADI
Tekbiçim Başlık Başbakanlık Kültür Müsteşarlığı Cumhuriyetin 50.
9 (RLIN) 13602
830 1# - SERİ EK GİRİŞİ - TEKBİÇİM ESER ADI
Tekbiçim Başlık Yıldönümü yayınları ;
Volume number/sequential designation 13.
9 (RLIN) 16817
907 ## - LOCAL DATA ELEMENT G, LDG (RLIN)
a Tarih
942 ## - EK GİRİŞ ÖGELERİ (KOHA)
Source of classification or shelving scheme Library of Congress Classification
Koha item type Book
Holdings
Materyal Türü Kalıcı Konum Mevcut Konum Raf Yeri Sınıflandırma Kaynağı Edinim Bilgisi Ana Konular Alt Konular Yer Numarası Demirbaş Numarası Fatura Tarihi Geri Çekilme Durumu Kayıp Durumu Hasarlı Durumu Kredi için değil Kayıt Tarih Toplam Ödünçverme Son Görülme Tarihi Son Kontrol Tarihi Genel / Bağış Notu
Book Prof. Dr. Azmi Özcan Kütüphanesi Prof. Dr. Azmi Özcan Kütüphanesi Uluğbey Salonu Library of Congress Classification Bağış DÜNYA TARİHİ (AVRUPA, ASYA, AFRİKA VB.) Balkan Yarımadası DR589 .B45 1973 0006823 13/08/2010         12/08/2009 2 05/12/2024 05/12/2024 Genel Bağış